1410 1326 1531 1580 1301 1576 1620 1045 1074 1765 1939 1141 1498 1710 1136 1771 1131 1030 1168 1463 1712 1637 1857 1219 1452 1030 1457 1594 1274 1154 1702 1956 1022 1495 1597 1661 1997 1641 1980 1786 1845 1822 1988 1256 1720 1672 1336 1254 1614 1550 1707 1519 1508 1556 1021 1919 1157 1167 1156 1407 1835 1298 1706 1530 1301 1530 1290 1710 1209 1285 1608 1096 1945 1911 1688 1977 1396 1694 1826 1421 1303 1134 1000 1390 1110 1441 1880 1484 1802 1924 1713 1012 1174 1211 1930 1127 1584 1825 1105 BCNSPRNW ULIB Ver.6.0+V

เปลี่ยนเป็นภาษาไทย

Change to English
 แสดงรายละเอียดบรรณานุกรม
  กลับหน้าหลัก

Brief Record : Get Marc (ISO 2709) : E-mail record : QR code < ปิดหน้าต่าง
LEADER : 00000nam 2200000uu 4500
001    13399122037
003     ULIB
008    121221s2549||||th 000 0 tha d
020    ^a9749942973
060 04 ^aWK810^bธ586ก 2549
245 00 ^aการดูแลรักษาเบาหวานแบบองค์รวม =^bHolistic diabetes care /^cบรรณาธิการ, ธิติ สนับบุญ, วราภณ วงศ์ถาวราวัฒน์
246 31 ^aHolistic diabetes care
250    ^aพิมพ์ครั้งที่ 1
260    ^aกรุงเทพฯ :^bหน่วยต่อมไร้ท่อและเมตะบอลิสมภาควิชาอายุรศาสตร์ คณะแพทยศาสตร์ จุฬาลงกรณ์มหาวิทยาลัย,^c2549
300    ^a[10], 355 หน้า :^bภาพประกอบ ;^c26 ซม.
650  7 ^aเบาหวาน^xการรักษา
650  7 ^aผู้ป่วย, การดูแล
700 0  ^aธิติ สนับบุญ,^eบรรณาธิการ
700 0  ^aวราภณ วงศ์ถาวราวัฒน์,^eบรรณาธิการ
710 2  ^aจุฬาลงกรณ์มหาวิทยาลัย. ^bคณะแพทยศาสตร์.^bภาควิชาอายุรศาสตร์
945    ^p300^l0^i14968
945    ^p300^l0^i15495
945    ^p300^l0^i15496
995    ^aทศพร
999    ^aทศพร เกษรทอง
รายการนี้ยังไม่มีแท็ก
คุณยังไม่ได้ล็อกอิน คุณสามารถมีกิจกรรมร่วมกับเว็บไซต์ได้ แต่ต้องล็อกอินก่อน ::
  ล็อกอิน

รายการสื่อสารสนเทศ

ลำดับที่ ประเภท เลขเรียก/บาร์โค้ด สถานที่ สถานะ
1. วิทยาศาสตร์การแพทย์ และสุขภาพ
วิทยาศาสตร์การแพทย์ และสุขภาพ
WK810 ธ586ก 2549 ฉ.1 
  Barcode: 14968
ห้องสมุดวิทยาเขตสวรรค์ประชารักษ์
►หนังสือทั่วไป
บนชั้น
2. วิทยาศาสตร์การแพทย์ และสุขภาพ
วิทยาศาสตร์การแพทย์ และสุขภาพ
WK810 ธ586ก 2549 ฉ.2 
  Barcode: 15495
ห้องสมุดวิทยาเขตสวรรค์ประชารักษ์
►หนังสือทั่วไป
บนชั้น
3. วิทยาศาสตร์การแพทย์ และสุขภาพ
วิทยาศาสตร์การแพทย์ และสุขภาพ
WK810 ธ586ก 2549 ฉ.3 
  Barcode: 15496
ห้องสมุดวิทยาเขตสวรรค์ประชารักษ์
►หนังสือทั่วไป
บนชั้น

รายการใกล้เคียง
    หัวเรื่อง [เบาหวาน การรักษา]
    หัวเรื่อง [ผู้ป่วย, การดูแล]

BibComment


ยังไม่เคยถูกคอมเมนท์

คอมเมนท์ทรัพยากรรายการนี้
  คอมเมนท์: การดูแลรักษาเบาห..


 Copyright 2026. Bcnsprnw @Library